Multinationals of the South : new actors in the international economy /

Bibliographic Details
Corporate Author: Deutsches Übersee-Institut
Other Authors: Khan, Khushi Mohammed
Format: Book
Language:English
Published: New York : St. Martin's Press, 1986.
Subjects:

MARC

Tag First Indicator Second Indicator Subfields
LEADER 00000pam a2200000 a 4500
001 in00000442829
005 20151012074124.0
008 860606s1986 nyu b 10100 eng
010 |a  86015428  
020 |a 0312552467 :  |c $25.00 (est.) 
035 |a (OCoLC)13793374 
035 |9 ABX1729AM 
040 |a DLC  |c DLC  |d TXA  |d UtOrBLW 
043 |a d------ 
049 |a TXAM  |c [A10031262] 
050 0 0 |a HD2932  |b .M85 1986 
082 0 |a 338.8/881724  |2 19 
245 0 0 |a Multinationals of the South :  |b new actors in the international economy /  |c edited by Khushi M. Khan. 
264 1 |a New York :  |b St. Martin's Press,  |c 1986. 
300 |a xi, 250 pages ;  |c 23 cm. 
336 |a text  |b txt  |2 rdacontent 
337 |a unmediated  |b n  |2 rdamedia 
338 |a volume  |b nc  |2 rdacarrier 
500 |a Proceedings of an international conference organized by the German Overseas Institute, held Nov. 6-8, 1985, Hamburg, Germany. 
504 |a Includes bibliographies and index. 
650 0 |a International business enterprises  |z Developing countries  |x Congresses. 
700 1 |a Khan, Khushi Mohammed. 
710 2 |a Deutsches Übersee-Institut. 
999 |a MARS 
999 f f |s b3f26a81-f798-3281-b69b-8e4f273a29c0  |i 3c9cae30-c565-3cdb-aee7-d2d83f0609f0  |t 0 
952 f f |p ric  |a Texas A&M University  |b Rellis Campus  |c Joint Library Facility  |d Remote Storage  |t 0  |e HD2932 .M85 1986  |h Library of Congress classification  |i unmediated -- volume  |m A14810031262 
998 f f |a HD2932 .M85 1986  |t 0  |l Remote Storage